1930s Celebrity Field Guide Quiz Stats

 Plays Quiz Updated Sep 6, 2017

Challenge
Share
Tweet
Score 0/24 Timer 05:00
2 Plays Today
% Correct
Shirley Temple
94.6%
Fred Astaire
93.1%
Amelia Earhart
92.8%
Jesse Owens
91.8%
Clark Gable
91.7%
Harpo Marx
87.7%
James Cagney
85.1%
Vivien Leigh
81.3%
Mae West
80%
Bela Lugosi
78.5%
Errol Flynn
77.2%
Count Basie
73.6%
% Correct
Ginger Rogers
72.5%
Carole Lombard
68.3%
William Powell
65.5%
Robert Johnson
62.5%
Cab Calloway
60.5%
Lead Belly
60.3%
Jimmie Foxx
58.1%
Cole Porter
55.7%
Greta Garbo
53.3%
Marlene Dietrich
51.5%
Jean Gabin
51%
Jean Harlow
50.9%

You're not logged in!

Compare scores with friends on all Sporcle quizzes.
OR
Log In

You Might Also Like...

Show Comments

Extras

Top Quizzes Today


Score Distribution

Your Account Isn't Verified!

In order to create a playlist on Sporcle, you need to verify the email address you used during registration. Go to your Sporcle Settings to finish the process.

Report this User

Report this user for behavior that violates our Community Guidelines.

Details: